| 000 | 00395nam a22001697a 4500 | ||
|---|---|---|---|
| 003 | CEME | ||
| 005 | 20210628203042.0 | ||
| 008 | 210201b xxu||||| |||| 00| 0 eng d | ||
| 020 | _a9789695032008 | ||
| 040 | _c. | ||
| 082 | _a297.61 SHA | ||
| 100 |
_aHazrat Sheikh Fareed _963039 |
||
| 245 | _aTazkara tul aoliya | ||
| 260 |
_aLAHORE _bAL FAISAL _c2008 |
||
| 300 | _a407P | ||
| 942 |
_cBK _2ddc |
||
| 999 |
_c571984 _d571984 |
||